Teste de progenies de policruzamento de Lotus uliginosus Schkuhr [Melhoramento genetico vegetal; Genetica vegetal; Leguminosa forrageira; Graminea forrageira] (Registro n. 32976)
[ somente texto ]
| 000 -LÍDER | |
|---|---|
| campo de controle de tamanho fixo | 01259nam a22003257a 4500 |
| 001 - NÚMERO DE CONTROLE | |
| campo de controle | BR8200560 |
| 003 - IDENTIFICADOR DO NÚMERO DE CONTROLE | |
| campo de controle | BR-BrBNA |
| 005 - DATA E HORÁRIO DA ÚLTIMA TRANSAÇÃO | |
| campo de controle | 20230928091232.0 |
| 007 - CAMPO FIXO DE DESCRIÇÃO FÍSICA--INFORMAÇÃO GERAL | |
| campo de controle de tamanho fixo | ta |
| 008 - CAMPO DE DADOS FIXOS--INFORMAÇÃO GERAL | |
| campo de controle de tamanho fixo | 230509b bl.||||| |||| 00| 0 por d |
| 040 ## - FONTE DA CATALOGAÇÃO | |
| Instituição da catalogação original | BR-BrBNA |
| Idioma da catalogação | por |
| Instituição que transcreveu o registro | Biblioteca Nacional de Agricultura |
| 041 ## - CÓDIGO DE IDIOMA | |
| Código do idioma do texto/trilha sonora ou título diferente | (Por) |
| 072 ## - CÓDIGO DE CATEGORIA DE ASSUNTO | |
| Código de Categoria de Assunto | F30 |
| Código do objeto | 1959 |
| -- | 1930 |
| -- | /G514 |
| 090 ## - NÚMERO DE CHAMADA LOCAL | |
| -- | 1959 BR8200560 |
| 100 1# - ENTRADA PRINCIPAL--NOME PESSOAL | |
| Nome pessoal | Monteiro, I.D. |
| 110 1# - ENTRADA PRINCIPAL--NOME CORPORATIVO | |
| Nome corporativo ou nome da jurisdição | Universidade Federal do Rio Grande do Sul, Porto Alegre (Brasil). Faculdade de Agronomia |
| Grau Universitário | Tese (Mestrado) |
| 245 1# - TÍTULO | |
| Título | Teste de progenies de policruzamento de Lotus uliginosus Schkuhr [Melhoramento genetico vegetal; Genetica vegetal; Leguminosa forrageira; Graminea forrageira] |
| 246 1# - FORMA VARIANTE DO TÍTULO | |
| Título/título abreviado | Polycross progeny test of lotus uliginosus Schkuhr [Plant breeding; Plant genetics; Forage legume; Forage grass] |
| 260 3# - PUBLICAÇÃO, DISTRIBUIÇÃO, ETC. | |
| Local de publicação, distribuição, etc. | Porto Alegre, RS (Brasil): |
| Data da publicação, distribuição, etc. | 1981. |
| 300 ## - DESCRIÇÃO FÍSICA | |
| Extensão | 118 p. |
| 500 ## - NOTA GERAL | |
| Nota geral | Summaries (Eng, Por); Bibliography p. 98-105 (84 ref.); 21 tables; 9 illus. |
| 650 ## - ASSUNTO--TERMO TÓPICO | |
| Cabeçalho tópico ou nome geográfico | Melhoramento genetico vegetal |
| 650 ## - ASSUNTO--TERMO TÓPICO | |
| Cabeçalho tópico ou nome geográfico | Genetica vegetal |
| 650 ## - ASSUNTO--TERMO TÓPICO | |
| Cabeçalho tópico ou nome geográfico | Leguminosa forrageira |
| 650 ## - ASSUNTO--TERMO TÓPICO | |
| Cabeçalho tópico ou nome geográfico | Graminea forrageira |
| 650 ## - ASSUNTO--TERMO TÓPICO | |
| Cabeçalho tópico ou nome geográfico | Teste de progenie |
| 650 ## - ASSUNTO--TERMO TÓPICO | |
| Cabeçalho tópico ou nome geográfico | Cruzamento vegetal |
| 909 ## - | |
| -- | 202309 |
| -- | Lucia |
| -- | 55 |
| -- | Lucia Elande |
| 942 ## - ELEMENTOS DE ENTRADA ADICIONADOS (KOHA) | |
| Tipo de material Koha | Livros |
| Situação do descarte | Fonte da classificação ou esquema de arquivamento na estante | Situação física | Não pode ser emprestado | Coleção | Biblioteca de origem | Biblioteca atual | Total de empréstimos | Número de telefone completo | Código de barras | Data de último acesso | Número do exemplar | Tipo de material Koha | Situação das perdas | Data de aquisição | Fonte de aquisição |
|---|---|---|---|---|---|---|---|---|---|---|---|---|---|---|---|
| Classificação AGRIS | Biblioteca Nacional de Agricultura - Binagri | Biblioteca Nacional de Agricultura - Binagri | 1959 BR8200560 | 1959 BR8200560 | 25/09/2023 | 01 | Livros | 2023-09-25 | Portaria Interministerial nº 164/94 |

BINAGRI